000 00645nam a2200217Ia 4500
003 OSt
005 20220918105440.0
006 a|||||r|||| 00| 0
007 ta
008 220915b |||||||| |||| 00| 0 eng d
024 _a94,324
037 _cReference Collections
040 _aARTS
_cARTS
_beng
041 _2eng
_aeng
082 _aV44974:1920j41.N9<-N4, N4.2(RR)
100 _aBhasin Avtar Singh Au.
_91462
245 0 _aNepal's relations with India and China
260 _c1994
942 _hV44974:1920j41.N9<-N4, N4.2(RR)
_cREF
999 _c107363
_d107363